000
00311nam a2200121Ia 4500
008
190216s9999||||xx |||||||||||||| ||und||
100
_a
Shrivastava O S
245
0
_a
Economics Of Growth Devlopment And Planning
260
_b
Vikas Publishing House
_c
1996
300
_a
672p
650
_a
Economics
942
_c
BK
999
_c
10283
_d
10283